Library Catalog

Mental Health Law... (Record no. 472357)

MARC details
000 -LEADER
fixed length control field 00261nam a2200109Ia 4500
008 - FIXED-LENGTH DATA ELEMENTS--GENERAL INFORMATION
fixed length control field 250224s9999 xx 000 0 und d
020 ## - INTERNATIONAL STANDARD BOOK NUMBER
International Standard Book Number 9781444117141
082 ## - DEWEY DECIMAL CLASSIFICATION NUMBER
Classification number 344.42044MEN
245 #0 - TITLE STATEMENT
Title Mental Health Law...
942 ## - ADDED ENTRY ELEMENTS (KOHA)
Koha item type Books
Holdings
Withdrawn status Damaged status Not for loan Home library Current library Shelving location Date acquired Cost, normal purchase price Total checkouts Full call number Barcode Date last seen Price effective from Koha item type
      Nakuru Library Nakuru Library   02/24/2025 2746.00   344.42044MEN A000761 02/24/2025 02/24/2025 Books

© 2025, Kenya National Library Service | Designed & Maintained by Uvumbuzi Center